[Rezension von: Andrew Hopkins, Italian architecture]
Gespeichert in:
| Veröffentlicht in: | Kunstform 4(2003), 12 |
|---|---|
| VerfasserIn: | |
| Dokumenttyp: | Online-Ressource Aufsatz |
| Sprache: | German |
| Veröffentlicht: |
2003
|
| Schlagwörter: | |
| Online Zugang: | kostenfrei |
| Bibliogr. Hinweis: | Enthalten in:
Kunstform Rezension von: Italian architecture from Michelangelo to Borromini |
| Verantwortlich: | rezensiert von Golo Maurer |
| LEADER | 01731caa a2200349 c 4500 | ||
|---|---|---|---|
| 001 | 1920097112 | ||
| 003 | DE-627 | ||
| 005 | 20260418215241.0 | ||
| 007 | cr uuu---uuuuu | ||
| 008 | 250319s2003 xx |||||oo 00| ||ger c | ||
| 035 | |a (DE-627)1920097112 | ||
| 035 | |a (DE-599)KXP1920097112 | ||
| 035 | |a (OCoLC)1533739593 | ||
| 040 | |a DE-627 |b ger |c DE-627 |e rda | ||
| 041 | |a ger | ||
| 084 | |a KUNST |q DE-16 |2 fid | ||
| 100 | 1 | |a Maurer, Golo |d 1971- |e VerfasserIn |0 (DE-588)129665215 |0 (DE-627)477109462 |0 (DE-576)188076158 |4 aut | |
| 245 | 1 | 0 | |a [Rezension von: Andrew Hopkins, Italian architecture] |c rezensiert von Golo Maurer |
| 264 | 1 | |c 2003 | |
| 300 | |b Illustrationen | ||
| 336 | |a Text |b txt |2 rdacontent | ||
| 337 | |a Computermedien |b c |2 rdamedia | ||
| 338 | |a Online-Ressource |b cr |2 rdacarrier | ||
| 655 | 7 | |a Rezension |0 (DE-588)4049712-4 |0 (DE-627)106186019 |0 (DE-576)209083166 |2 gnd-content | |
| 773 | 0 | 8 | |i Enthalten in |t Kunstform |d München : Ludwig-Maximilians-Universität München, Institut für Kunstgeschichte, 2000 |g 4(2003), 12 |h Online-Ressource |w (DE-627)382929004 |w (DE-600)2140180-9 |w (DE-576)281244731 |x 1618-7199 |7 nnas |
| 773 | 1 | 8 | |g volume:4 |g year:2003 |g number:12 |
| 787 | 0 | 8 | |i Rezension von |a Hopkins, Andrew, 1965 - |t Italian architecture from Michelangelo to Borromini |b 1. publ. |d London : Thames & Hudson, 2002 |h 224 S. |w (DE-627)1628929065 |w (DE-576)100665047 |z 050020361X |z 9780500203613 |
| 856 | 4 | 0 | |u https://www.arthistoricum.net/kunstform/rezension/ausgabe/2003/12/3928 |x Verlag |z kostenfrei |3 Volltext |7 0 |
| 951 | |a AR | ||
| 994 | |u https://www.arthistoricum.net/themen/rezensionen/kunstform/rezension/ausgabe/2003/12/3928 | ||
| 991 | |a Rezension (Monographie, Zeitschrift, Aufsatz) | ||
| 999 | |a KXP-PPN1920097112 |e 4967991009 | ||


